Ο κόσμος και εμείς... : ...η Χίος
Αποθηκεύτηκε σε:
| Κύριος συγγραφέας: | |
|---|---|
| Μορφή: | Βιβλίο |
| Γλώσσα: | Greek |
| Δημοσίευση: |
Χίος :
[χ.ό.],
1993
|
| Θέματα: | |
| Ετικέτες: |
Προσθήκη ετικέτας
Δεν υπάρχουν, Καταχωρήστε ετικέτα πρώτοι!
|
MARC
| LEADER | 00000cam a2200000 i 4500 | ||
|---|---|---|---|
| 001 | 1/47595 | ||
| 008 | 070903s1993 gr | ||| |||| ||gre|| | ||
| 035 | |l 10088685 | ||
| 040 | |a GR-MY-UA |b gre |e aacr | ||
| 041 | 0 | |a gre | |
| 082 | 0 | |a 320.809499 |2 (22) | |
| 100 | 1 | |a Κοτσακάς, Αντώνης Γ. | |
| 245 | 1 | 2 | |a Ο κόσμος και εμείς... : |b ...η Χίος / |c Αντώνης Γ. Κοτσακάς |
| 260 | |a Χίος : |b [χ.ό.], |c 1993 | ||
| 300 | |a 76 σ.; |c 21 εκ. | ||
| 650 | 0 | 0 | |a Municipal government |z Greece |z Chios (Municipality) |
| 650 | 0 | 0 | |a Local government |z Greece |z Chios (Municipality) |
| 852 | |a INST |b CHIOS |e 20070705 |h 320.809499 ΚΟΤ |p 005200026146 |q 005200026146 |t BK |y 0 | ||
| 901 | |a BIBL2-2007-3 | ||
| 909 | |a Χ |b 131113 | ||
| 970 | |a ΒΑΡΦΗΣ |b ΒΑΓΓΕΛΗΣ |z 2007/09/03 | ||